Muʻjamīyāt ʻArabīyah-Sāmīyah /

Saved in:

Main Author: Marmarjī, A. S., 1887- (Author)

Format: Book

Language: Arabic

Published: Jūnīyah, Lubnān : Maṭbaʻat al-Mursalīn al-Lubnānīyīn, 1950.

Subjects:

Tags: Add Tag

No Tags, Be the first to tag this record!

Call Number: PJ6074 .M35 1950

LEADER 01191nam a2200241Ia 4500
003 OSt
005 20230828110430.0
008 130303s1950 le 000 0 ara d
952 |0 0  |1 0  |2 lcc  |4 0  |6 PJ6074 M35 01950  |7 1  |9 49754  |a ARCE  |b ARCE  |d 2023-08-28  |l 0  |o PJ6074 .M35 1950  |p 1029210  |r 2023-08-28 00:00:00  |w 2023-08-28  |y BK 
999 |c 27629  |d 27629 
010 |a 75586724 
040 |c ARCE Library 
050 4 |a PJ6074 .M35 1950 
100 1 |a Marmarjī, A. S.,  |d 1887-   |e author 
245 1 0 |6 880-02  |a Muʻjamīyāt ʻArabīyah-Sāmīyah /   |c A. S. Marmarjī al-Dūmankī. 
264 1 |a Jūnīyah, Lubnān :  |b Maṭbaʻat al-Mursalīn al-Lubnānīyīn,   |c 1950. 
300 |a 247 pages ;   |c 22 cm. 
600 0 0 |a Ighnāṭyūs Afrām  |b I,  |c Patriarch of Antioch,  |d 1887-1957.  |t Alfāẓ al-Siryānīyah fī al-maʻājim al-ʻArabīyah. 
650 0 |a Arabic language  |x Etymology. 
650 0 |a Arabic language  |x Foreign words and phrases  |x Syriac. 
880 1 0 |6 245-02/(3/r  |a معجميات عربية - سامية ‪‪‪‪‪‪‪‪‪‪‪‪‪‪‪‪‪‪‪‪‪‪‪‪‪‪‪‪‪‪‪‪‪‪‪‪‪‪‪‪‪‪  |c  أ. س. مرمرجي الدومنكي 
901 |a reviewed 
942 |c BK  |2 lcc